Los paños de la Pasión de Chachapoyas / (Record no. 10838)
[ view plain ]
| 000 -CABECERA | |
|---|---|
| campo de control de longitud fija | 01156nam a22002657a 4500 |
| 001 - NÚMERO DE CONTROL | |
| campo de control | BRCA_9219 |
| 003 - IDENTIFICADOR DEL NÚMERO DE CONTROL | |
| campo de control | FranzMayer |
| 005 - FECHA Y HORA DE LA ÚLTIMA TRANSACCIÓN | |
| campo de control | 20220809140127.0 |
| 008 - DATOS DE LONGITUD FIJA--INFORMACIÓN GENERAL | |
| campo de control de longitud fija | 220725b |||||||| |||| 00| 0 eng d |
| 040 ## - FUENTE DE LA CATALOGACIÓN | |
| Lengua de catalogación | spa |
| Centro/agencia transcriptor | MFM |
| 041 1# - CÓDIGO DE LENGUA | |
| Código de lengua del texto/banda sonora o título independiente | spa |
| 050 ## - SIGNATURA TOPOGRÁFICA DE LA BIBLIOTECA DEL CONGRESO | |
| Número de clasificación | NK8839.A3C5 |
| Número de documento/Ítem | S73 2020 |
| 100 ## - ENTRADA PRINCIPAL--NOMBRE DE PERSONA | |
| Nombre de persona | Stanfield-Mazzi, Maya Selama, |
| Fechas asociadas al nombre | 1972- |
| 9 (RLIN) | 28499 |
| 245 14 - MENCIÓN DE TÍTULO | |
| Título | Los paños de la Pasión de Chachapoyas / |
| Mención de responsabilidad, etc. | Maya Stanfield-Mazzi |
| 260 ## - PUBLICACIÓN, DISTRIBUCIÓN, ETC. | |
| Lugar de publicación, distribución, etc. | Lima, Perú : |
| Nombre del editor, distribuidor, etc. | Universidad Nacional Toribio Rodríguez de Mendoza de Amazonas, |
| Fecha de publicación, distribución, etc. | 2020 |
| 300 ## - DESCRIPCIÓN FÍSICA | |
| Extensión | 112 p. : |
| Otras características físicas | il., fot. col. ; |
| Dimensiones | 29.5 x 20.5 cm. |
| 500 ## - NOTA GENERAL | |
| Nota general | Ubicación: L59-N5 |
| 520 ## - SUMARIO, ETC. | |
| Sumario, etc. | Este libro es parte de un extenso estudio de textiles litúrgicos de América Hispana. Uno de los aspectos más relevantes de este proyecto ha sido la oportunidad de aprender sobre la provincia de Chachapoyas, su variada y rica cultura y sus textiles únicos. |
| 650 ## - PUNTO DE ACCESO ADICIONAL DE MATERIA--TÉRMINO DE MATERIA | |
| Término de materia o nombre geográfico como elemento de entrada | Textiles |
| Subdivisión general | Historia |
| Subdivisión geográfica | Chachapoyas (Peru) |
| 9 (RLIN) | 28502 |
| 651 ## - PUNTO DE ACCESO ADICIONAL DE MATERIA--NOMBRE GEOGRÁFICO | |
| Nombre geográfico | Chachapoyas (Peru) |
| Subdivisión general | Pintura de telas |
| -- | Historia |
| 9 (RLIN) | 28503 |
| 700 ## - PUNTO DE ACCESO ADICIONAL--NOMBRE DE PERSONA | |
| Nombre de persona | Abel Chichipe |
| 9 (RLIN) | 28500 |
| Término indicativo de función/relación | trad. |
| 700 ## - PUNTO DE ACCESO ADICIONAL--NOMBRE DE PERSONA | |
| Nombre de persona | Juan Julón |
| 9 (RLIN) | 28501 |
| Término indicativo de función/relación | trad. |
| 942 ## - ELEMENTOS DE PUNTO DE ACCESO ADICIONAL (KOHA) | |
| Fuente del sistema de clasificación o colocación | Library of Congress Classification |
| Tipo de ítem Koha | Libros |
| Estado de retiro | Estado de pérdida | Fuente del sistema de clasificación o colocación | Estado dañado | No para préstamo | Localización permanente | Ubicación/localización actual | Fecha de adquisición | Total de préstamos | Signatura topográfica completa | Código de barras | Fecha visto por última vez | Precio válido a partir de | Tipo de ítem Koha |
|---|---|---|---|---|---|---|---|---|---|---|---|---|---|
| El ejemplar forma parte de la colección y puede ser consultado según las políticas vigentes. | Library of Congress Classification | Biblioteca del Museo Franz Mayer (Rogerio Casas-Alatriste) | Biblioteca del Museo Franz Mayer (Rogerio Casas-Alatriste) | 26/07/2022 | NK8839.A3C5 S73 2020 | CONT10004 | 26/07/2022 | 26/07/2022 | Libros |